| 000 | 00338nam a22001337a 4500 | ||
|---|---|---|---|
| 005 | 20251223145812.0 | ||
| 008 | 251223b |||||||| |||| 00| 0 eng d | ||
| 020 | _a1-56138-343-0 | ||
| 050 | _aAG 6 .R86 1993 | ||
| 245 | _aRUNNING PRESS CYCLOPEDIA | ||
| 260 |
_aPHILADELPHIA _bRUNNING PRESS _c1993 |
||
| 300 | _a638P. | ||
| 942 |
_2lcc _cREF |
||
| 999 |
_c216392 _d216392 |
||